Доклады старшего инструктора Ново-Николаевского отделения МВД "Российского правительства" об инспекторской работе в уезде и пере...

Доступно только в Электронных читальных залах Найти на картеНа карте
RUSMARC
00004257nac2a22002653x 450
00108718ce3-4b81-445e-98c4-5b8e84023eea
00520190219164931.0
100##$a20190115l 1918k y0rusy50 ca
1010#$arus
102##$aRU
105##$ay z |||e|
2001#$aДоклады старшего инструктора Ново-Николаевского отделения МВД "Российского правительства" об инспекторской работе в уезде и переписка по личному составу
$j25 июня 1918 - 29 ноября 1918
215##$a9 листов
251##$cДело
300##$aЗаголовок дела на папке: Доклады старшего инструктора Ново-Николаевского отделения Министерства внутренних дел белогвардейского "Российского правительства" об инспекторской работе в уезде и переписка по личному составу
300##$aЛисты: 1, 3, 5-9 - поврежденные; 6 - 1 марка
300##$aМашинописный и рукописный текст
330##$aВходит в раздел описи: 1919 г.
461#0$10010f0e3429-2e37-4fb4-ace0-6332d350a692
$12001
$aМинистерство внутренних дел Российского правительства. Омск
$1251
$cФонд
$1852
$j1700
$gР
462#0$100196992368-87aa-4ec8-94b8-d5a64cfcd599
$12001
$aКанцелярия министра. 1918-1919 гг.
$vД. 72
$1251
$cОпись
$1852
$j7
5171#$aДоклады старшего инструктора Ново-Николаевского отделения Министерства внутренних дел белогвардейского "Российского правительства" об инспекторской работе в уезде и переписка по личному составу
60102$3RU\NLR\AUTH\8810247804
$aВременное Сибирское правительство
$bМинистерство внутренних дел
801#0$aRU
$bGA_RF
801#1$aRU
$bГлавНИВЦ
$c20190115
$2rusmarc
801#2$aRU
$bПБ им. Б.Н. Ельцина
$c20190219
$gRCR
$2rusmarc
852##$aГА РФ
$j72
937##$d125638402
$hПБ
035##$aRuPRLIB51055368
856##$uhttp://readingroom.main.prlib.ru/item.aspx?id_node=n125638402&mode=full
Формат отображения